Guess the 1970s song lyrics #212 - Statistics

General Stats
  • This quiz has been taken 14 times
  • The average score is 188 of 361
Answer Stats
Answer % Correct
the
92%
a
83%
an
83%
and
83%
And
83%
If
83%
if
83%
In
83%
in
83%
on
83%
We
83%
we
83%
when
83%
When
83%
be
75%
by
75%
can
75%
do
75%
Do
75%
down
75%
for
75%
Go
75%
go
75%
is
75%
it
75%
just
75%
or
75%
summertime
75%
up
75%
what
75%
You
75%
you
75%
your
75%
feel
67%
love
67%
out
67%
right
67%
sun
67%
take
67%
weather
67%
all
58%
as
58%
goes
58%
got
58%
Have
58%
have
58%
her
58%
high
58%
it's
58%
not
58%
see
58%
time
58%
but
50%
daddy's
50%
find
50%
fine
50%
our
50%
please
50%
sky
50%
touch
50%
us
50%
weather's
50%
drink
42%
here
42%
meal
42%
mind
42%
poor
42%
rich
42%
wear
42%
we'll
42%
We'll
42%
We're
42%
we're
42%
with
42%
women
42%
drive
33%
into
33%
make
33%
philosophy
33%
sea
33%
she's
33%
swimmin
33%
that's
33%
yeah
33%
Yeah
33%
along
25%
always
25%
everybody
25%
fishin
25%
good
25%
happy
25%
party
25%
people
25%
stretch
25%
25
17%
again
17%
Dah
17%
dah
17%
Dee
17%
dee
17%
dirty
17%
It'll
17%
Life's
17%
livin
17%
mean
17%
nice
17%
Sing
17%
sing
17%
Alright
8%
alright
8%
bottle
8%
bright
8%
Bring
8%
clothes
8%
drivin
8%
friends
8%
grey
8%
lane
8%
lay
8%
maybe
8%
settle
8%
soon
8%
Speed
8%
ton
8%
town
8%
winter's
8%
No matching quizzes found
Score Distribution
Percent of People with Each Score
Percentile by Number Answered
Your Score History
You have not taken this quiz